02703nam a2200253 4500003000800000005001700008007000300025008004100028020001500069040004000084041000800124100001000132245036700142264003000509300001900539336002900558337002800587338002800615505093900643520073301582942001502315999001702330952010202347vecauma20260421133958.0ta260421b ve ||||| |||| 00| 0 spa d a9684099312 avecaumabspacvecaumadvecaumaerda aspa1 eautor1 aRelaciones públicas bTexto que orienta, guía, define, precisa y explica esta actividad fundamental c/ Manuel Alfonso, Carlos Bonilla, Ronald A. Dickins, Jean Domette, Mariano Durán De La Cuesta, Enrique Figueroa Héctor De La Garza, Servando González, César Hernández, Juan Lavalle, Ma. Eugenia Moreno, Juan Sánchez Navarro, Concepción Solana  aMéxico:bEdamex;c1997. a221 páginas. atextobtxt2rdacontenido ano mediadobn2rdamedio avolumenbnc2rdasoporte0 tPerfil de las relaciones públicasr/ Juan Lavalle. --tLas relaciones públicas en acción r/ Mariano Durán de la Cuesta. --tLas relaciones públicas en el campo educacional r/ Jean Domette. --tLas relaciones públicas y la alta gerencia (1965) r/ Juan Sánchez Navarro. --tRelaciones con los medios r/ Manuel Alonso Coratella. --tLas relaciones públicas en el sector gubernamentalr/ Ma. Eugenia Moreno y Servando González Muñoz. -- tLas relaciones públicas y su importancia en el sector financiero r/ Concepción Solana. --tTurismo y relaciones públicas r/ Enrique Figueroa. --tRelaciones públicas en la industriar/ Carlos Bonilla Gutiérrez. --tEl comercio y las relaciones públicas r/ Héctor de la Garza Loeb. --tRelaciones públicas en organismos representativos r/ César Hernández Espejo. --tLas relaciones públicas en organismos no lucrativos r/ Ronald A. Dickins Lara. --3 aUn puñado selecto de profesionales de las relaciones públicas, convocado por la Academia Nacional, redactó el libro que tiene usted en sus manos. El mejor tratado que sobre esta materia se ha escrito en México. No sólo los estudiantes de Ciencias de la Comunicación, sino cualquier persona que posea una empresa, grande o pequeña, y que desee conocer a fondo la importancia de las relaciones públicas, encontrará en esta obra una guía eficaz. Las buenas relaciones públicas son fundamentales para la marcha exitosa de cualquier actividad, como la empresarial, y también la profesional y hasta la personal. EDAMEX se enorgullece de presentar al culto público de habla hispana esta obra trascendente.  12lccn0cBK c13408d13408 00102lcc40708CGaBUMAbBUMAcGENd2026-04-21i48712l0p2026-0552r2026-04-21w2026-04-21yBK